| 000 | 00418pab a2200157 454500 | ||
|---|---|---|---|
| 008 | 180718b2005 xxu||||| |||| 00| 0 eng d | ||
| 100 | _aDasgupta, Padmaparna | ||
| 245 | _aThe standards and labeling requirements in the Indian food industry | ||
| 260 | _c2005 | ||
| 300 | _ap.527-33. | ||
| 362 | _aJan-Mar | ||
| 650 | _aFood industry - India | ||
| 650 | _aFood industry | ||
| 773 | _aProductivity | ||
| 909 | _a67976 | ||
| 999 |
_c67976 _d67976 |
||